000 00403nam a22001577a 4500
999 _c7308
_d7308
003 GBCCL
005 20241126110625.0
008 180726b ||||| |||| 00| 0 eng d
040 _cGBC
082 _aVER 242
_bSYN
245 _aNi Tin Lalpa Nen
260 _aAizawl:
_bThe Synod Publication Board,
_c1989.
300 _a366 p.,
_c19 cm x 13 cm.
650 _aDevotional Literature
_9489
942 _2ddc
_cBK